<?xml version="1.0" encoding="UTF-8"?>
<collection xmlns:xsi="http://www.w3.org/2001/XMLSchema-instance" xsi:schemaLocation="http://www.loc.gov/MARC21/slim http://www.loc.gov/standards/marcxml/schema/MARC21slim.xsd" xmlns="http://www.loc.gov/MARC21/slim">
 <record>
  <leader>00000cas a22000004a 4500</leader>
  <controlfield tag="001">UP-99796217607287509</controlfield>
  <controlfield tag="003">Buklod</controlfield>
  <controlfield tag="005">20230503092542.0</controlfield>
  <controlfield tag="006">m    |o  d |      </controlfield>
  <controlfield tag="007">ta</controlfield>
  <controlfield tag="008">080210s        xx q   d | ||r |||||   ||</controlfield>
  <datafield tag="022" ind1=" " ind2=" ">
   <subfield code="a">0004-0428</subfield>
  </datafield>
  <datafield tag="035" ind1=" " ind2=" ">
   <subfield code="a">(iLib)UPD-00000458150</subfield>
  </datafield>
  <datafield tag="037" ind1=" " ind2=" ">
   <subfield code="a">Gift</subfield>
  </datafield>
  <datafield tag="040" ind1=" " ind2=" ">
   <subfield code="a">DML</subfield>
   <subfield code="d">DLC</subfield>
  </datafield>
  <datafield tag="041" ind1=" " ind2=" ">
   <subfield code="a">spa</subfield>
  </datafield>
  <datafield tag="210" ind1="0" ind2=" ">
   <subfield code="a">Arch. esp. arte</subfield>
  </datafield>
  <datafield tag="222" ind1=" " ind2="0">
   <subfield code="a">Archivo español de arte</subfield>
  </datafield>
  <datafield tag="245" ind1="0" ind2="0">
   <subfield code="a">Archivo español de arte.</subfield>
  </datafield>
  <datafield tag="264" ind1=" " ind2="1">
   <subfield code="a">Madrid, Spain</subfield>
   <subfield code="b">Instituto de Arte Diego Velazquez</subfield>
   <subfield code="c">1940-</subfield>
  </datafield>
  <datafield tag="300" ind1=" " ind2=" ">
   <subfield code="a">v.</subfield>
   <subfield code="b">plates, ports., plans.</subfield>
   <subfield code="c">28 cm.</subfield>
  </datafield>
  <datafield tag="310" ind1=" " ind2=" ">
   <subfield code="a">Quarterly</subfield>
   <subfield code="b">1975&gt;</subfield>
  </datafield>
  <datafield tag="321" ind1=" " ind2=" ">
   <subfield code="a">Bimonthly</subfield>
   <subfield code="b">1940-</subfield>
  </datafield>
  <datafield tag="362" ind1="0" ind2=" ">
   <subfield code="a">t. 14- (no. 40-); julio/agosto 1940-</subfield>
  </datafield>
  <datafield tag="500" ind1=" " ind2=" ">
   <subfield code="a">At head of title: Consejo Superior de Investigaciones Científicas. Instituto Diego Velázquez.</subfield>
  </datafield>
  <datafield tag="650" ind1=" " ind2="0">
   <subfield code="a">Art</subfield>
   <subfield code="z">Spain</subfield>
   <subfield code="v">Periodicals.</subfield>
  </datafield>
  <datafield tag="710" ind1="2" ind2=" ">
   <subfield code="a">Instituto Diego Velázquez.</subfield>
  </datafield>
  <datafield tag="780" ind1="0" ind2="1">
   <subfield code="t">Archivo español de arte y arqueología</subfield>
   <subfield code="w">(DLC) 27020983</subfield>
   <subfield code="w">(OCoLC)1513945.</subfield>
  </datafield>
  <datafield tag="842" ind1=" " ind2=" ">
   <subfield code="a">Continuing Resource</subfield>
  </datafield>
  <datafield tag="850" ind1=" " ind2=" ">
   <subfield code="a">DML</subfield>
  </datafield>
  <datafield tag="905" ind1=" " ind2=" ">
   <subfield code="a">FO</subfield>
  </datafield>
  <datafield tag="852" ind1="0" ind2=" ">
   <subfield code="a">UPD</subfield>
   <subfield code="b">DMLP</subfield>
  </datafield>
  <datafield tag="852" ind1="1" ind2=" ">
   <subfield code="a">UPD</subfield>
   <subfield code="b">DLS</subfield>
  </datafield>
  <datafield tag="852" ind1="1" ind2=" ">
   <subfield code="a">UPD</subfield>
   <subfield code="b">DMLP</subfield>
  </datafield>
  <datafield tag="942" ind1=" " ind2=" ">
   <subfield code="a">Continuing Resource</subfield>
  </datafield>
 </record>
</collection>
